| 000 | 00680cam a2200277ua 4500 | ||
|---|---|---|---|
| 020 |
_a81 203 0804 1 _c175.00 |
||
| 041 |
_aeng _h |
||
| 082 |
_a518 _bSAS/EN |
||
| 100 | _aSashtry, S S. | ||
| 245 |
_aEngineering mathematics, Vol 1 / _cS S Sashtry. _hTextual Documents |
||
| 250 |
_a2 / _b. |
||
| 260 |
_aNew Delhi : _bPrentice Hall of India Pvt Ltd. , _c1994. |
||
| 300 | _a630 ; . | ||
| 365 | _a175.00 | ||
| 500 | _a*CSS | ||
| 504 | _a | ||
| 700 | 1 | _aKrishnan, S . | |
| 942 | _cBK | ||
| 999 |
_c687 _d687 |
||